Island Nations - Shape Quiz - Statistics

General Stats
  • This quiz has been taken 37 times
  • The average score is 29 of 44
Answer Stats
Picture Answer % Correct
Australia
100%
Indonesia
100%
Japan
100%
Philippines
100%
United Kingdom
100%
Iceland
96%
Cuba
93%
New Zealand
93%
Cyprus
86%
Haiti
86%
Ireland
82%
Taiwan
82%
Jamaica
79%
Madagascar
79%
Maldives
79%
Sri Lanka
79%
Malta
75%
Trinidad and Tobago
68%
Bahamas
64%
Cape Verde
64%
East Timor
64%
Singapore
64%
Solomon Islands
61%
St. Kitts and Nevis
61%
Antigua and Barbuda
57%
Dominican Republic
54%
Fiji
54%
Vanuatu
54%
Bahrain
50%
Samoa
50%
St. Vincent and the Grenadines
50%
Tonga
50%
F.S. Micronesia
46%
Kiribati
46%
Papa New Guinea
46%
Seychelles
46%
St. Lucia
46%
Comoros
43%
Grenada
43%
São Tomé and Príncipe
43%
Tuvalu
43%
Marshall Islands
39%
Palau
36%
Mauritius
25%
No matching quizzes found
Score Distribution
Percent of People with Each Score
Percentile by Number Answered
Your Score History
You have not taken this quiz